1705 1535 1475 1428 1708 1563 1698 1578 1129 1536 1218 1893 1859 1033 1587 1039 1797 1755 1958 1173 1539 1859 1679 1319 1643 1695 1803 1513 1277 1576 1754 1156 1189 1822 1093 1814 1733 1869 1109 1220 1043 1614 1502 1507 1674 1643 1699 1978 1710 1035 1796 1436 1521 1940 1493 1382 1074 1382 1122 1354 1973 1223 1797 1559 1001 1310 1443 1325 1050 1594 1425 1080 1973 1075 1352 1891 1427 1996 1315 1731 1148 1113 1787 1555 1704 1381 1125 1629 1924 1193 1134 1600 1198 1786 1149 1830 1557 1888 1382 BCNSPRNW ULIB Ver.6.0+V

เปลี่ยนเป็นภาษาไทย

Change to English
 แสดงรายละเอียดบรรณานุกรม
  กลับหน้าหลัก

Brief Record : Get Marc (ISO 2709) : E-mail record : QR code < ปิดหน้าต่าง
LEADER : 00000nam 2200000uu 4500
001    13399113621
003     ULIB
008    111124s2551||||th 000 0 tha d
020    ^a9789740627654
090    ^aนว.^bช574ว 2551
100 0  ^aชิโนทัย
245 00 ^aวุ่นรักยกกำลังสอง/^cชิโนทัย
250    ^aพิมพ์ครั้งที่ 1
260    ^aกรุงเทพฯ :^bศรีสยาม,^c2551
300    ^a228 หน้า
710 1  ^aศรีสยาม
945    ^p140^l0^i15308
995    ^aทศพร
999    ^aใช้งานได้ทุกระบบ
รายการนี้ยังไม่มีแท็ก
คุณยังไม่ได้ล็อกอิน คุณสามารถมีกิจกรรมร่วมกับเว็บไซต์ได้ แต่ต้องล็อกอินก่อน ::
  ล็อกอิน

รายการสื่อสารสนเทศ

ลำดับที่ ประเภท เลขเรียก/บาร์โค้ด สถานที่ สถานะ
1. นวนิยาย
นวนิยาย
นว. ช574ว 2551 ฉ.1 
  Barcode: 15308
ห้องสมุดวิทยาเขตสวรรค์ประชารักษ์
►นวนิยาย
บนชั้น
  ขอยืม

BibComment


ยังไม่เคยถูกคอมเมนท์

คอมเมนท์ทรัพยากรรายการนี้
  คอมเมนท์: วุ่นรักยกกำลังสอ..


 Copyright 2026. Bcnsprnw @Library